[Event "VIII Governor's Cup B"]
[Site "Khanty-Mansiysk RUS"]
[Date "2012.11.20"]
[Round "6"]
[White "Pranizin,G"]
[Black "Brygov,I"]
[Result "0-1"]
[WhiteElo "2158"]
[BlackElo "1940"]

1.e4 d5 2.exd5 Qxd5 3.Nc3 Qd6 4.Be2 g6 5.b3 Bg7 6.Bb2 Nf6 7.Nf3 O-O 8.h4 Bg4
9.Ng5 h5 10.d3 Nc6 11.Qd2 Nd4 12.f3 Qg3+ 13.Kf1 Bf5 14.Nce4 Nxe4 15.fxe4 Bg4
16.Bxg4 hxg4 17.Bxd4 Bxd4 18.Re1 e5 19.Ke2 Qxg2+ 20.Kd1 Qxd2+ 21.Kxd2 Rfe8
22.Re2 f6 23.c3 Bb6 24.Rg2 fxg5  0-1

[Event "VIII Governor's Cup B"]
[Site "Khanty-Mansiysk RUS"]
[Date "2012.11.20"]
[Round "6"]
[White "Gorbatov,A"]
[Black "Chekletsov,Ilya"]
[Result "1-0"]
[WhiteElo "2361"]
[BlackElo "1999"]

1.e4 d5 2.exd5 Qxd5 3.Nc3 Qd6 4.d4 Nf6 5.Bc4 g6 6.Nge2 Bg7 7.Bf4 Qd8 8.Qd2 O-O
9.O-O-O c6 10.Bh6 Nbd7 11.Bxg7 Kxg7 12.f3 Nb6 13.Bb3 a5 14.a3 a4 15.Ba2 Nbd5
16.Ne4 Qa5 17.c3 Rd8 18.N2g3 b6 19.h4 h5 20.Rhe1 Bb7 21.Qg5 Nxe4 22.fxe4 Nxc3
23.Nf5+  1-0

[Event "VIII Governor's Cup B"]
[Site "Khanty-Mansiysk RUS"]
[Date "2012.11.22"]
[Round "8"]
[White "Semenova,El1"]
[Black "Chekletsov,Ilya"]
[Result "1/2-1/2"]
[WhiteElo "2140"]
[BlackElo "1999"]

1.e4 d5 2.exd5 Qxd5 3.Nc3 Qd6 4.d4 Nf6 5.Nf3 g6 6.g3 Bg7 7.Bf4 Qb6 8.Ne5 O-O
9.Qd2 c6 10.O-O-O Be6 11.Be2 Nbd7 12.h4 h5 13.Na4 Qd8 14.Nxd7 Nxd7 15.g4 Bxg4
16.Bxg4 hxg4 17.h5 e5 18.dxe5 Nxe5 19.h6 Bf6 20.Nc5 Qxd2+ 21.Kxd2 Rfd8+ 22.Kc1 Rxd1+
23.Rxd1 Bh8 24.Ne4 Nc4 25.b3 Re8 26.Nc5 Nb6 27.c4 Kh7 28.Nxb7 Re4 29.Bd2 Re2
30.Rf1 Bd4 31.Nd8 Rxf2 32.Rxf2 Bxf2 33.Kd1 f6 34.Ke2 Bg3 35.Nxc6 Nc8 36.Nd4 Be5
37.Nc6 Bd6 38.b4 f5 39.Nd8 f4 40.c5 Be7 41.Nf7 g5 42.Ne5 Kxh6 43.Nxg4+ Kg6
44.Kf3 Kf5 45.Bc3 a5 46.a3 Na7 47.Nh6+ Kg6 48.Ng4 Kf5 49.Nh6+ Kg6  1/2-1/2

[Event "22nd World Seniors Open"]
[Site "Kamena Vourla GRE"]
[Date "2012.11.23"]
[Round "10.23"]
[White "Borwell,A"]
[Black "Markovic,L"]
[Result "1/2-1/2"]
[WhiteElo "2039"]
[BlackElo "2197"]

1.e4 d5 2.exd5 Qxd5 3.Nc3 Qd6 4.Bc4 c6 5.Qf3 Nf6 6.Nge2 Bg4 7.Qg3 Bxe2 8.Qxd6 exd6
9.Bxe2 d5 10.d4 Bb4 11.O-O Nbd7 12.Bd3 O-O 13.h3 Rfe8 14.Bf4 a5 15.a4 h6
16.Ne2 Ne4 17.c3 Bf8 18.f3 Nef6 19.g4 Re7 20.Ng3 g6 21.Rfe1 Rxe1+ 22.Rxe1 Re8
23.Kf1 Rxe1+ 24.Kxe1 Ne8 25.Kf2 Kg7 26.h4 Bd6 27.Ne2 Bxf4 28.Nxf4 Nd6 29.b3 Kf6
30.h5 g5 31.Ng2 b5 32.Ne3 bxa4 33.bxa4 Nb6 34.Bc2 Nbc4 35.Nxc4 Nxc4 36.Ke2 Ke6
37.Bb3 Nb6 38.Kd3 f5 39.Ke3 fxg4 40.fxg4 Kd6 41.Kd3 Nd7 42.Bd1 Nf6 43.Bf3 Nd7
44.Bd1 Nf8 45.Ke3 Ne6 46.Bc2 c5 47.Bf5 Ng7 48.Bg6 Ne6 49.Bf5 cxd4+ 50.cxd4 Nd8
51.Bd3  1/2-1/2

[Event "4th OCF Thanksgiving"]
[Site "Stillwater USA"]
[Date "2012.11.23"]
[Round "1.10"]
[White "Latino,C"]
[Black "Duke,Brian E"]
[Result "1-0"]
[WhiteElo "1931"]
[BlackElo "1635"]

1.e4 d5 2.exd5 Qxd5 3.Nc3 Qd6 4.d4 Nf6 5.Nf3 Bg4 6.Be2 e6 7.O-O a6 8.Re1 Nc6
9.Ne5 Bxe2 10.Nxe2 Nxe5 11.dxe5 Qxd1 12.Rxd1 Ne4 13.Be3 Bc5 14.Nd4 O-O-O
15.c3 h6 16.Rac1 Be7 17.b4 Rd5 18.f3 Ng5 19.f4 Ne4 20.c4 Rdd8 21.a3 g5 22.f5 exf5
23.Nxf5 Rxd1+ 24.Rxd1 Bf8 25.Rd4 Nc3 26.Rd3 Ne4 27.Bd4 g4 28.e6 f6 29.e7 Bxe7
30.Nxe7+ Kb8 31.Re3  1-0

[Event "48th American Open"]
[Site "Anaheim USA"]
[Date "2012.11.24"]
[Round "5"]
[White "Yankovsky,R"]
[Black "Chen,Shijie"]
[Result "1-0"]
[WhiteElo "2474"]
[BlackElo "2200"]

1.e4 d5 2.exd5 Qxd5 3.Nc3 Qd6 4.d4 c6 5.Nf3 Nf6 6.Ne5 e6 7.Be3 Qb4 8.a3 Qa5
9.Bd3 Be7 10.Qf3 Nbd7 11.Nc4 Qh5 12.Qg3 O-O 13.Be2 Qg6 14.Qxg6 hxg6 15.Bf3 Nd5
16.Ne4 Nxe3 17.fxe3 Nf6 18.Nc5 e5 19.Nxe5 Bxc5 20.dxc5 Re8 21.Nc4 Ne4 22.b4 g5
23.Rd1 Bf5 24.g4 Be6 25.Nd6 Nxd6 26.cxd6 f5 27.Kf2 fxg4 28.Bg2 Rad8 29.Rd4 Rf8+
30.Kg3 Bd5 31.e4 Rf4 32.Rf1 Rdf8 33.d7 Rd8 34.Rxf4 gxf4+ 35.Kxg4 Be6+ 36.Kxf4 Bxd7
37.Ke3  1-0

[Event "48th American Open"]
[Site "Anaheim USA"]
[Date "2012.11.24"]
[Round "6"]
[White "Aldama Degurnay,D"]
[Black "Chen,Shijie"]
[Result "1-0"]
[WhiteElo "2434"]
[BlackElo "2200"]

1.e4 d5 2.exd5 Qxd5 3.Nc3 Qd6 4.d4 c6 5.Nf3 Bg4 6.h3 Bh5 7.g4 Bg6 8.Ne5 Nd7
9.Nc4 Qc7 10.f4 f6 11.Bg2 O-O-O 12.O-O Bf7 13.b3 e5 14.fxe5 Bxc4 15.bxc4 Nxe5
16.Bf4 Qa5 17.Ne4 Ng6 18.Bg3 Nh6 19.Rb1 Nf7 20.c5 Qa4 21.Qf3 Qxd4+ 22.Kh1 Nge5
23.Qa3 a6 24.g5 h6 25.gxf6 gxf6 26.Qb3 Rd7 27.Nxf6 Re7 28.h4 Ng6 29.Ng8  1-0

[Event "ch-Commonwealth 2012"]
[Site "Chennai IND"]
[Date "2012.11.24"]
[Round "3"]
[White "Soumya,Sw"]
[Black "Tiviakov,S"]
[Result "1/2-1/2"]
[WhiteElo "2251"]
[BlackElo "2659"]

1.e4 d5 2.exd5 Qxd5 3.Nc3 Qd6 4.d4 Nf6 5.Nf3 c6 6.Ne5 Be6 7.Bf4 Qd8 8.Qd2 Nbd7
9.O-O-O Nb6 10.Be2 g6 11.Rhe1 Bg7 12.g4 h5 13.h3 Qc8 14.Rg1 hxg4 15.hxg4 Rh3
16.Rh1 Rxh1 17.Rxh1 Ng8 18.Ne4 Nd7 19.Nc4 Kf8 20.Ng5 Bd5 21.Nh7+ Ke8 22.Qe3 Kd8
23.Rd1 Ndf6 24.Nxf6 Nxf6 25.Bh6 Bxc4 26.Bxg7 Nxg4 27.Bxg4 Qxg4 28.b3 Be6
29.c4 Rc8 30.Rd2 Ke8 31.Kb2 Rd8 32.Be5 a6 33.Bc7 Rd7 34.Bb6 f6 35.Qh6 Qh5
36.Qg7 Bf7 37.f4 Rd6 38.Bc5 Re6 39.d5 cxd5 40.cxd5 Re2 41.Rxe2 Qxe2+ 42.Ka3 Qb5
43.Qh8+ Kd7 44.Qh3+ Kd8 45.Qe3 Qd7 46.d6 exd6 47.Bb6+ Kc8 48.Qc3+ Qc6 49.Qxf6 Qxb6
50.Qxf7 Qc5+ 51.Kb2 Qf5 52.Qc4+ Kb8 53.Qd4 Qe6 54.b4 Kc7 55.a4 Qe2+ 56.Kb3 Qf3+
57.Kb2 Qg2+ 58.Kb3 Qh3+ 59.Kb2 Qf5 60.Qc3+ Kd7 61.Qg7+ Kc8 62.Qg8+ Kc7 63.Qg7+ Qd7
64.Qc3+ Kb8 65.Qh8+ Ka7 66.Qd4+ b6 67.a5 Qc7 68.Kb3 Kb7 69.Qd5+ Ka7 70.Qd4 Qc6
71.axb6+ Kb7 72.Qg7+ Kxb6 73.Qd4+ Kb7 74.Qg7+ Ka8 75.Qxg6 Qf3+ 76.Ka4 Qc6+
77.Kb3 Qf3+ 78.Ka4 Qxf4 79.Qe8+ Kb7 80.Qd7+ Kb6 81.Qd8+  1/2-1/2

[Event "TCh-CZE Div1 Zapad 2012-13"]
[Site "Czech Republic CZE"]
[Date "2012.11.25"]
[Round "3.1"]
[White "Nun,Ji"]
[Black "Jirovsky,M"]
[Result "1/2-1/2"]
[WhiteElo "2376"]
[BlackElo "2453"]

1.e4 d5 2.exd5 Qxd5 3.Nc3 Qd6 4.d4 Nf6 5.Bg5 c6 6.Qd2 Bf5 7.Nf3 Nbd7 8.O-O-O e6
9.Nh4 Bg6 10.Nxg6 hxg6 11.g3 Qc7 12.Bg2 Be7 13.h4 O-O-O 14.Kb1 Nb6 15.Qe2 Rd7
16.Bf4 Bd6 17.Bg5 Nbd5 18.Nxd5 cxd5 19.Rc1 Kb8 20.c4 dxc4 21.Bxf6 gxf6 22.Rxc4 Qa5  1/2-1/2

[Event "TCh-CZE Div1 Zapad 2012-13"]
[Site "Czech Republic CZE"]
[Date "2012.11.25"]
[Round "3.6"]
[White "Vaculik,M"]
[Black "Markovic,Milan CZE"]
[Result "1-0"]
[WhiteElo "2277"]
[BlackElo "2194"]

1.e4 d5 2.exd5 Qxd5 3.Nc3 Qd6 4.d4 Nf6 5.Bc4 a6 6.Nge2 e6 7.Bf4 Qd8 8.d5 exd5
9.Nxd5 Nxd5 10.Bxd5 Bd6 11.Bf3 Nc6 12.Bxd6 Qxd6 13.Qxd6 cxd6 14.O-O-O Ke7
15.Nd4 Nxd4 16.Rxd4 Rb8 17.Re1+ Be6 18.Be4 Rhe8 19.f4 g6 20.f5 gxf5 21.Bxf5 h5
22.g3 b5 23.Be4 Rec8 24.a3 Rc5 25.b4 Re5 26.Red1 Bg4 27.R1d2 Rb6 28.Kb2 Bf5
29.Bf3 Bg6 30.Re2 Rxe2 31.Bxe2 Rc6 32.c3 Rc8 33.Bf3  1-0

[Event "TCh-CZE Div1 Vychod 2012-13"]
[Site "Czech Republic CZE"]
[Date "2012.11.25"]
[Round "3.5"]
[White "Novosadova,K"]
[Black "Sobek,J"]
[Result "1-0"]
[WhiteElo "2158"]
[BlackElo "2283"]

1.e4 d5 2.exd5 Qxd5 3.Nc3 Qd6 4.d4 Nf6 5.Nf3 Bg4 6.h3 Bh5 7.Be3 a6 8.g4 Bg6
9.Ne5 Nd5 10.Nxd5 Qxd5 11.Rg1 c6 12.Bc4 Qa5+ 13.c3 e6 14.Qb3 Qc7 15.f4 Nd7
16.O-O-O O-O-O 17.h4 b5 18.Be2 Nxe5 19.dxe5 Be7 20.Bf3 Bd3 21.a3 c5 22.c4 Bxc4
23.Qc2 g6 24.a4 Rxd1+ 25.Rxd1 Rd8 26.Rxd8+ Kxd8 27.axb5 axb5 28.b3 Bd5 29.Qd2 Qc6
30.Qa5+ Ke8 31.Bxd5 exd5 32.f5 d4 33.Bg5 gxf5 34.gxf5 Bxg5+ 35.hxg5 Qh1+
36.Kb2 Qg2+ 37.Kb1 Qf1+ 38.Kb2 Qe2+ 39.Kc1 Qe3+ 40.Kb2 Qf2+ 41.Kc1 Qe3+ 42.Kb2 Qf2+
43.Kc1 Qg1+ 44.Kb2 Qg2+ 45.Kb1 Qc6 46.Qa7 d3 47.f6 Kd8 48.e6 Qh1+ 49.Kb2 Qg2+
50.Kb1 Qf1+ 51.Kb2 Qe2+ 52.Ka1 Qxe6 53.Qb8+ Kd7 54.Qxb5+ Kd6 55.Qxd3+ Qd5
56.Qxh7 Qxb3 57.Qh2+ Ke6 58.Qc7  1-0

[Event "TCh-AUT 2 Mitte 2012-13"]
[Site "Gleisdorf AUT"]
[Date "2012.11.25"]
[Round "5.2"]
[White "Csonka,A1"]
[Black "Degtiarev,E"]
[Result "0-1"]
[WhiteElo "2425"]
[BlackElo "2378"]

1.e4 d5 2.exd5 Qxd5 3.Nc3 Qd6 4.d4 Nf6 5.Nf3 Bg4 6.Be2 e6 7.O-O a6 8.Be3 Be7
9.Qc1 O-O 10.Rd1 Nbd7 11.h3 Bh5 12.Bf4 Qb6 13.a4 Bd6 14.Ne5 Bxe2 15.a5 Qa7
16.Nxe2 Rad8 17.c4 c5 18.Nxd7 Rxd7 19.d5 exd5 20.cxd5 Bxf4 21.Qxf4 Rxd5 22.Rxd5 Nxd5
23.Qd6 Nb4 24.Rc1 Nc6 25.Rxc5 Rd8 26.Rxc6 Qa8 27.Rb6 Rxd6 28.Rxd6 Kf8 29.Nc3 Qe8
30.g3 Qe5 31.Rd7 Qe1+ 32.Kg2 Qe6 33.Rd8+ Ke7 34.Rd4 Qc6+ 35.Kg1 g5 36.h4 gxh4
37.Rxh4 Qc5 38.Rb4 Qxa5 39.Rxb7+ Ke6 40.Kf1 h5 41.Ne2 Kf6 42.Nf4 Qc5 43.Rc7 Qb5+
44.Kg1 a5 45.Rc2 h4 46.Rd2 Qc5 47.Kh2 Qc1 48.Re2 Kf5 49.Ng2 hxg3+ 50.fxg3 Qc5
51.Nh4+ Kg5 52.Nf3+ Kg6 53.Kg2 f6 54.Nh4+ Kh5 55.Rf2 Qd5+ 56.Kh2 Qd4 57.Kg2 Kg4
58.Nf5 Qe4+ 59.Kg1 Qxf5 60.Rxf5 Kxf5 61.Kf2 Ke4 62.b3 Kd4  0-1

[Event "62nd ch-HUN 2012"]
[Site "Heviz HUN"]
[Date "2012.11.25"]
[Round "4.5"]
[White "Mihok,O"]
[Black "Horvath,Jo1"]
[Result "1/2-1/2"]
[WhiteElo "2451"]
[BlackElo "2539"]

1.e4 d5 2.exd5 Qxd5 3.Nc3 Qd6 4.d4 Nf6 5.Nf3 c6 6.Ne5 Nbd7 7.Nc4 Qc7 8.Qf3 Nb6
9.Ne5 Qd8 10.Be3 h5 11.Ne4 Bg4 12.Nxf6+ gxf6 13.Nxg4 hxg4 14.Qxg4 Qd5 15.b3 e6
16.a3 f5 17.Qd1 O-O-O 18.c4 Qe4 19.Qd3 Qxd3 20.Bxd3 Bg7 21.O-O-O Bxd4 22.Bxd4 Rxd4
23.Be2 Rdh4 24.h3 a5 25.Kb2 Kc7 26.Kc3 Nd7 27.Rd4 Rxd4 28.Kxd4 Nc5 29.b4 Rh4+
30.g4 Ne4 31.Ke3 axb4 32.axb4 Ng5 33.gxf5 exf5 34.f4  1/2-1/2

[Event "TCh-AUT 2 Mitte 2012-13"]
[Site "Sauwald AUT"]
[Date "2012.11.25"]
[Round "5.2"]
[White "Gergacz,A"]
[Black "Schmidt,Pe1"]
[Result "1/2-1/2"]
[WhiteElo "2393"]
[BlackElo "2386"]

1.e4 d5 2.exd5 Qxd5 3.Nc3 Qd6 4.Bc4 Nf6 5.d3 a6 6.a4 Bg4 7.f3 Be6 8.b3 Nbd7
9.Nge2 Bxc4 10.bxc4 g6 11.Ba3 c5 12.Rb1 Rb8 13.O-O Bh6 14.Kh1 O-O 15.Ng3 b6
16.Re1 Rfe8 17.Qe2 Bf4 18.Nge4 Nxe4 19.Nxe4 Qc7 20.g3 Bh6 21.Qf2 Bg7 22.Bb2 Bxb2
23.Rxb2 Qc6 24.Nc3 Nf6 25.Kg2 h5 26.Reb1 Qc7 27.Qe3 Kg7 28.Qf4 Qa7 29.Qe5 Kg8
30.Nd5 Nxd5 31.cxd5 Qd7 32.a5 b5 33.c4 b4 34.d4 Qd6 35.f4 Rec8 36.Kf3 cxd4
37.Qxd6 exd6 38.Rxb4 Rxb4 39.Rxb4 Re8 40.Rb6 d3 41.Rb3 d2 42.Rd3  1/2-1/2

[Event "XXVI Belgrade Trophy 2012"]
[Site "Belgrade SRB"]
[Date "2012.11.26"]
[Round "3.24"]
[White "Carnic,S"]
[Black "Djalovic,V"]
[Result "1-0"]
[WhiteElo "2341"]
[BlackElo "2107"]

1.e4 d5 2.exd5 Qxd5 3.Nc3 Qd8 4.Bc4 Nf6 5.Nf3 e6 6.d4 Nbd7 7.O-O Be7 8.Qe2 Nb6
9.Bb3 O-O 10.Bg5 c6 11.Rfe1 h6 12.Bd2 Bd6 13.Rad1 a5 14.a4 Nbd5 15.Ne5 Qc7
16.Qf3 Nxc3 17.Bxc3 Bb4 18.Bxb4 axb4 19.Qg3 Nd5 20.Nd3 Qxg3 21.hxg3 b6 22.Bxd5 cxd5
23.b3 Bd7 24.Ra1 Rfc8 25.Nxb4 Ra5 26.Rec1 Kf8 27.Kf1 Ke7 28.Ke1 f6 29.Kd2 e5
30.c3 Kd6 31.Nc2 Rca8 32.Rab1 b5 33.axb5 Bxb5 34.Ne3 Bd7 35.Rb2 g6 36.c4 Ra2
37.Rxa2 Rxa2+ 38.Rc2 Rxc2+ 39.Nxc2 dxc4 40.bxc4 exd4 41.Nxd4 Bc8 42.Kd3 h5
43.Ne2 Ke5 44.Nf4 Kf5 45.Ke3 g5 46.Nxh5 Kg6 47.g4 f5 48.f4 fxg4 49.Ng3 Bb7
50.Ne4 Bc6 51.g3 gxf4+ 52.Kxf4 Bd7 53.Nf2 Kh5 54.c5 Bc8 55.c6 Kg6 56.Nxg4 Kf7
57.Ne5+ Ke6 58.g4 Kd6 59.g5 Ke6 60.Nd7 Kd6 61.g6 Ba6 62.Kf5 Bc4 63.Kf6 Bd3
64.Ne5 Be4 65.g7 Bh7 66.Kf7  1-0

[Event "Doroshkevicha Mem Open 2012"]
[Site "Sochi RUS"]
[Date "2012.11.26"]
[Round "1"]
[White "Bronnikova,E"]
[Black "Mnatsakanian,Arsen"]
[Result "0-1"]
[WhiteElo "2251"]
[BlackElo "1769"]

1.e4 d5 2.exd5 Qxd5 3.Nc3 Qd6 4.d4 Nf6 5.Nf3 c6 6.Ne5 Nbd7 7.Nc4 Qc7 8.Qf3 Nb6
9.Bf4 Qd8 10.Be5 Nbd5 11.h3 h5 12.Be2 Bg4 13.Qd3 Nxc3 14.hxg4 Nxe2 15.Qxe2 Nxg4
16.Nd6+ exd6 17.Bxg7+ Kd7 18.Bxh8 Qa5+ 19.Kf1 Bh6 20.d5 Rxh8 21.Rxh5 Qb4
22.c3 Qb6 23.dxc6+ bxc6 24.g3 Qxf2+ 25.Qxf2 Nxf2 26.Kxf2 Be3+ 27.Kxe3 Rxh5
28.Rf1 Ke6 29.Rf4 Rb5 30.b3 Ra5 31.a4 Rc5 32.Kd3 Rg5 33.g4 Rd5+ 34.Kc4 f6
35.b4 a6 36.Re4+ Re5 37.Kd3 d5 38.Rf4 Re1 39.Kd4 Rd1+ 40.Kc5 Rd3 41.c4 Rc3
42.a5 Rc2 43.Rd4  0-1

[Event "Doroshkevicha Mem Open 2012"]
[Site "Sochi RUS"]
[Date "2012.11.28"]
[Round "3"]
[White "Bronnikova,E"]
[Black "Demidov,Vladislav"]
[Result "1-0"]
[WhiteElo "2251"]
[BlackElo "2061"]

1.e4 d5 2.exd5 Qxd5 3.Nc3 Qd6 4.d4 Nf6 5.Nf3 g6 6.h3 Bg7 7.Bc4 O-O 8.O-O c6
9.Re1 Nbd7 10.Qe2 Nb6 11.Bb3 Re8 12.Bg5 Nbd5 13.Ne5 Be6 14.Na4 h6 15.Bd2 Nc7
16.Nc5 Bxb3 17.Nxb7 Qxd4 18.axb3 Nfd5 19.c3 Qb6 20.Na5 c5 21.Qf3 Qf6 22.Qxf6 Nxf6
23.Nac6 Ne6 24.Nxg6 fxg6 25.Rxe6 Kf7 26.Ree1 a6 27.Ne5+ Kg8 28.Nxg6 e6 29.Be3 Rab8
30.Bxc5 Rxb3 31.Rxa6 Rxb2 32.Raxe6 Rxe6 33.Rxe6 Kf7 34.Nf4 Nd5 35.Re4 Nxc3
36.Re7+ Kg8 37.Rxg7+ Kxg7 38.Bd4+ Kf7 39.Bxc3 Rb3 40.Bd4 Ra3 41.g4 Rb3 42.Kg2 Ra3
43.Be3 Ra2 44.Kf3 Ra1 45.h4 Ra3 46.Nh5 Rb3  1-0

[Event "Doroshkevicha Mem Open 2012"]
[Site "Sochi RUS"]
[Date "2012.11.28"]
[Round "3"]
[White "Zakaryan,David"]
[Black "Zalitko,Ivan"]
[Result "1-0"]
[WhiteElo "2122"]
[BlackElo "1818"]

1.e4 d5 2.exd5 Qxd5 3.Nc3 Qd6 4.d4 Nf6 5.Nf3 a6 6.g3 Bg4 7.Bg2 Nc6 8.Be3 O-O-O
9.h3 Bxf3 10.Qxf3 e6 11.O-O Qd7 12.Rfc1 Nd5 13.Nxd5 exd5 14.c4 dxc4 15.Rxc4 Bd6
16.Rac1 f5 17.b4 Rdf8 18.Bf4 Nd8 19.Bxd6 Qxd6 20.Qd5 Qe7 21.Rxc7+ Qxc7 22.Rxc7+ Kxc7
23.Qe5+ Kc8 24.Qxg7 Kb8 25.a4 h5 26.b5 axb5 27.axb5 Rhg8 28.Qe5+ Kc8 29.b6 Rf7
30.Bd5  1-0

[Event "XXVI Belgrade Trophy 2012"]
[Site "Belgrade SRB"]
[Date "2012.11.29"]
[Round "6.46"]
[White "Aleksic,C"]
[Black "Rajcevic,S"]
[Result "0-1"]
[WhiteElo "1750"]
[BlackElo "2068"]

1.e4 d5 2.exd5 Qxd5 3.Nc3 Qd6 4.Nf3 Nf6 5.Be2 c6 6.O-O Bg4 7.h3 Bh5 8.d3 e6
9.Ne4 Qc7 10.Ng3 Bg6 11.Nh4 Bd6 12.Nxg6 hxg6 13.Ne4 Bh2+ 14.Kh1 Bf4 15.Nxf6+ gxf6
16.Bxf4 Qxf4 17.Qc1 Qd6 18.Qe3 Nd7 19.d4 f5 20.c4 Nf6 21.Qe5 Qxe5 22.dxe5 Ng4
23.f4 O-O-O 24.Kg1 Rd2 25.Bxg4 fxg4 26.hxg4 Rxb2 27.Rf2 Rh1+ 28.Kxh1 Rxf2
29.g3 Rc2 30.Kg1 a5 31.c5 a4  0-1

[Event "Doroshkevicha Mem Open 2012"]
[Site "Sochi RUS"]
[Date "2012.11.30"]
[Round "5"]
[White "Varavin,V1"]
[Black "Landa,K"]
[Result "1/2-1/2"]
[WhiteElo "2449"]
[BlackElo "2640"]

1.e4 d5 2.exd5 Qxd5 3.Nc3 Qd6 4.d4 Nf6 5.Nf3 g6 6.Ne5 Bg7 7.Bc4 O-O 8.O-O Nc6
9.Nb5 Qd8 10.h3 Ne8 11.Bg5 h6 12.Be3 a6 13.Nxc6 bxc6 14.Na3 Nd6 15.Bb3 Nf5
16.c3 a5 17.Bf4 Ba6 18.Re1 Qb8 19.Rb1 Qb6 20.g4 Nd6 21.Qd2 c5 22.Bxh6 c4
23.Bd1 Bb7 24.f3 Rae8 25.Kg2 f5 26.Bxg7 Kxg7 27.Re5 Qc6 28.g5 f4 29.Be2 Rf5
30.Rxf5 Nxf5 31.Qxf4 e5 32.dxe5 Rh8 33.Rh1 Qc5 34.Nxc4 Rh4 35.Qd2 Rxc4 36.Qd7+ Kh8
37.Qe8+ Kg7 38.Qd7+ Kh8 39.Qe8+  1/2-1/2

[Event "Doroshkevicha Mem Open 2012"]
[Site "Sochi RUS"]
[Date "2012.11.30"]
[Round "5"]
[White "Airapetian,V"]
[Black "Zalitko,Ivan"]
[Result "0-1"]
[WhiteElo "1807"]
[BlackElo "1818"]

1.e4 d5 2.exd5 Qxd5 3.Nc3 Qd6 4.d4 Nf6 5.Nf3 a6 6.Be3 Bg4 7.h3 Bh5 8.Qd2 Bxf3
9.gxf3 e6 10.Ne4 Nxe4 11.fxe4 Nc6 12.O-O-O O-O-O 13.Kb1 Qb4 14.Qxb4 Bxb4
15.c3 Be7 16.Rg1 g6 17.a3 Rd7 18.Bc4 Bf6 19.Rg3 Bh4 20.Rgg1 Bf6 21.Bb3 Rhd8
22.f4 Ne7 23.Rdf1 c6 24.Rf3 Kb8  0-1

[Event "TCh-AUT 2 East 2012-13"]
[Site "Austria AUT"]
[Date "2012.12.01"]
[Round "5.6"]
[White "Sepetavc,W"]
[Black "Steinert,Mart"]
[Result "1/2-1/2"]
[WhiteElo "2016"]
[BlackElo "2094"]

1.e4 d5 2.exd5 Qxd5 3.Nc3 Qd6 4.d4 Nf6 5.Nf3 Nc6 6.d5 Nb4 7.Bb5+ Bd7 8.Bc4 Bf5
9.Bb3 O-O-O 10.Be3 Nbxd5 11.Qe2 a6 12.O-O e6 13.Rfd1 c5 14.Na4 Qc7 15.Bg5 Be7
16.Ne5 Bg6 17.c4 Nb4 18.Bf4 Nh5 19.Bd2 Nc6 20.Nxc6 Qxc6 21.Be3 Nf6 22.Nc3 Ne4
23.Nxe4 Qxe4 24.f3 Qe5 25.Qf2 h5 26.g3 h4 27.Bf4 hxg3 28.Qxg3 Qxb2 29.Bb8 e5
30.Bxe5 Qa3 31.Bb8 Qa5 32.Ba7 Qc7 33.Rxd8+ Bxd8 34.Qg4+ Qd7 35.Qxd7+ Kxd7
36.Bxc5 Bc7 37.a4 Kc8 38.Re1 Bxh2+ 39.Kg2 Bf4 40.Re7 Rh2+ 41.Kg1 Rh8 42.Bb6 Bd6
43.Re2 f6 44.c5 Be5 45.c6 Rh4 46.Bc2 Bxc2 47.Rxc2 bxc6 48.Rxc6+ Kb7 49.Re6 Rxa4
50.Be3 g5 51.Bxg5 Ra2 52.Bxf6 Bxf6 53.Rxf6 a5 54.f4 a4 55.Rd6 a3 56.Rd3 Kc6  1/2-1/2

[Event "4th London Classic Open"]
[Site "London ENG"]
[Date "2012.12.01"]
[Round "1"]
[White "Schneider,Ig"]
[Black "Calvert,D"]
[Result "1-0"]
[WhiteElo "2376"]
[BlackElo "1999"]

1.e4 d5 2.exd5 Qxd5 3.Nc3 Qd6 4.d4 Nf6 5.Nf3 a6 6.Bc4 b5 7.Bb3 Bb7 8.O-O e6
9.Re1 c5 10.a4 c4 11.Ba2 Nd5 12.Ne4 Qc7 13.Bg5 Be7 14.c3 h6 15.Bxe7 Qxe7
16.Ne5 Nd7 17.Bb1 N5f6 18.Ng3 O-O 19.Qc2 Rfd8 20.f4 Nf8 21.Qe2 N6d7 22.Bc2 Bd5
23.Rf1 f6 24.Ng4 Qf7 25.Ne3 Nb6 26.Nxd5 exd5 27.axb5 axb5 28.Rxa8 Rxa8 29.Re1 Rb8
30.Nf5 Nc8 31.Qg4 Kh8 32.Re3 h5 33.Qe2 Rb7 34.Re8 Rc7 35.Nh4 Ne7 36.Rxf8+ Qxf8
37.Qxh5+ Kg8 38.Bh7+  1-0

[Event "4th London Classic Open"]
[Site "London ENG"]
[Date "2012.12.01"]
[Round "1"]
[White "Zhou,Y"]
[Black "Shepley,J"]
[Result "1-0"]
[WhiteElo "2419"]
[BlackElo "2029"]

1.e4 d5 2.exd5 Qxd5 3.Nc3 Qd6 4.d4 Nf6 5.Nf3 c6 6.Ne5 Bf5 7.Bf4 Qb4 8.Nc4 e6
9.Bd6 Bxd6 10.a3 Qxc4 11.Bxc4 O-O 12.O-O Nbd7 13.h3 Rad8 14.Bd3 Bg6 15.Bxg6 hxg6
16.Re1 Nb6 17.Qe2 Rd7 18.Ne4 Be7 19.Nxf6+ gxf6 20.Rad1 f5 21.c3 Bf6 22.g3 Rfd8
23.Kg2 Bg7 24.h4 Bf6 25.Qf3 Kg7 26.Rb1 Nc4 27.Qe2 Nd6 28.a4 a5 29.Qc2 Nc4
30.Re2 Rd5 31.Qb3 Nd6 32.Rbe1 b5 33.Qa2 b4 34.Qb3 Rb8 35.Rd1 Rb7 36.Qc2 b3
37.Qd3 c5 38.Qa6 c4 39.Rde1 Re7 40.Re5 Bxe5 41.Rxe5 Rd7 42.Rxd5 exd5 43.Qc6  1-0

[Event "XXVI Belgrade Trophy 2012"]
[Site "Belgrade SRB"]
[Date "2012.12.02"]
[Round "9.48"]
[White "Andrejevic,Mila"]
[Black "Mrdak,M"]
[Result "1/2-1/2"]
[WhiteElo "1830"]
[BlackElo "2006"]

1.e4 d5 2.exd5 Qxd5 3.Nc3 Qd6 4.d4 c6 5.Nf3 Bg4 6.Be2 Nf6 7.h3 Bf5 8.Nh4 Bg6
9.a3 e6 10.O-O Be7 11.g3 O-O 12.Bf4 Qd8 13.Bf3 Nbd7 14.Qe2 Nb6 15.Nxg6 hxg6
16.Rad1 Nbd5 17.Nxd5 exd5 18.Rfe1 Re8 19.Qd3 Qd7 20.Kg2 Bd6 21.Be5 Qc7 22.Bxf6 gxf6
23.Re3 Qb6 24.Qb3 Rxe3 25.Qxb6 axb6 26.fxe3 Re8 27.Kf2 f5 28.Rd3 Kg7 29.Rb3 b5
30.a4 b4 31.c3 Ra8 32.cxb4 Rxa4 33.b5 Rb4 34.Rxb4 Bxb4 35.bxc6 bxc6 36.Be2 Kf6
37.g4 c5 38.Bf3 fxg4 39.hxg4 Ke6 40.dxc5 Bxc5 41.Ke2 Ke5 42.Kd3 Bb4 43.Bg2 Ba5
44.Bf3 Bb6 45.b4 Kd6 46.Bd1 Bd8 47.e4  1/2-1/2

[Event "London Classic Women Inv"]
[Site "London ENG"]
[Date "2012.12.02"]
[Round "2"]
[White "Olsarova,T"]
[Black "Smith,O"]
[Result "1-0"]
[WhiteElo "2267"]
[BlackElo "2018"]

1.e4 d5 2.exd5 Qxd5 3.Nc3 Qd8 4.d4 Nf6 5.Bc4 Bg4 6.Nf3 e6 7.d5 exd5 8.Nxd5 Nxd5
9.Bxd5 Qe7+ 10.Be3 c6 11.Bb3 Nd7 12.Qd2 Bxf3 13.gxf3 Qf6 14.O-O-O Qf5 15.Bg5 Bc5
16.Rhe1+ Kf8 17.f4 Re8 18.Rxe8+ Kxe8 19.Be6 Qxe6 20.Re1 Qxe1+ 21.Qxe1+ Kf8
22.b4 f6 23.bxc5 fxg5 24.Qe6  1-0

[Event "Doroshkevicha Mem Open 2012"]
[Site "Sochi RUS"]
[Date "2012.12.02"]
[Round "7"]
[White "Lugovskoy,Vladimir"]
[Black "Mnatsakanian,Arsen"]
[Result "1-0"]
[WhiteElo "1985"]
[BlackElo "1769"]

1.e4 d5 2.exd5 Qxd5 3.Nc3 Qd6 4.d4 Nf6 5.Nf3 c6 6.Ne5 Nbd7 7.Nc4 Qc7 8.Qf3 Nb6
9.Bf4 Qd8 10.h3 h5 11.Be5 Nbd5 12.Ne2 Bg4 13.Qb3 Bxe2 14.Bxe2 Qd7 15.Na5 b6
16.Nxc6 a6 17.Nb8 Qb7 18.Bxa6 Qa7 19.Bb5+ Nd7 20.Bxd7+  1-0

[Event "4th London Classic Open"]
[Site "London ENG"]
[Date "2012.12.03"]
[Round "3"]
[White "Rallabandi,Praveen Kumar"]
[Black "Calvert,D"]
[Result "0-1"]
[WhiteElo "1793"]
[BlackElo "1999"]

1.e4 d5 2.exd5 Qxd5 3.Nc3 Qd6 4.d4 Nf6 5.Nf3 a6 6.a4 Nc6 7.Bc4 Bg4 8.Be3 e5
9.dxe5 Nxe5 10.Qxd6 Bxd6 11.Nxe5 Bxe5 12.f3 Bd7 13.a5 O-O 14.Kf2 Bc6 15.g3 Rad8
16.Rhd1 Rfe8 17.Rxd8 Rxd8 18.Rd1 Rxd1 19.Nxd1 Bd5 20.Bxd5 Nxd5 21.Bd2 f5
22.c3 Kf7 23.c4 Bd4+ 24.Ke2 Nf6 25.Bc3 Bxc3 26.Nxc3 Ke6 27.Kd3 Nd7 28.f4 c5
29.Nd5 Nb8 30.b4 Nc6 31.bxc5 Nxa5 32.Kc3 Nc6 33.Nb4 Nxb4 34.Kxb4 Kd7 35.h3 h5
36.Ka5 Kc6 37.Kb4 a5+ 38.Kxa5 Kxc5 39.Ka4 Kxc4  0-1

[Event "Doroshkevicha Mem Open 2012"]
[Site "Sochi RUS"]
[Date "2012.12.03"]
[Round "8"]
[White "Shakhmurzova,Fatima"]
[Black "Baraeva,I"]
[Result "0-1"]
[WhiteElo "1966"]
[BlackElo "2174"]

1.e4 d5 2.exd5 Qxd5 3.Nc3 Qd6 4.d4 Nf6 5.Nb5 Qb6 6.c4 c6 7.Nc3 Bf5 8.Nf3 e6
9.a3 Be7 10.g3 O-O 11.Bg2 Nbd7 12.O-O Rad8 13.Qe2 Qc7 14.b4 Nb6 15.Bf4 Qc8
16.Rfd1 h6 17.Rac1 Rfe8 18.Ne5 Nfd7 19.Nf3 Nf8 20.h3 Bh7 21.Be3 Bf6 22.b5 Be7
23.Qa2 cxb5 24.Nxb5 a6 25.d5 Na4 26.d6 axb5 27.cxb5 Nc3 28.Qd2 Rxd6 29.Bd4 Bf6
30.Rxc3 Qd7 31.Re3 Bxd4 32.Nxd4 Rd8 33.Qe2 Rxd4 34.Rxd4 Qxd4 35.Bxb7 Bd3
36.Qh5 Qa1+ 37.Kh2 Qf1 38.Bg2 Qxf2 39.Rf3 Qa7 40.b6 Qe7 41.a4 Be4 42.Rf2 Bxg2
43.Rxg2 Qb4 44.Rf2 Qxb6 45.Qxf7+ Kh7 46.Qf3 Ng6 47.Qe2 Ra8 48.h4 Qa6 49.Qe4 Qxa4
50.Qxe6 Qa6 51.Qe4 Qa4 52.Qb1 Qg4 53.Qc2 Rc8 54.Qb2 Re8 55.Qd2 Re4 56.Qc2 Re3
57.Rg2 Qe4 58.Qxe4 Rxe4 59.Kh3 Ne5 60.Ra2 Kg6 61.Ra6+ Kf5 62.Ra7 g5 63.hxg5 hxg5
64.Ra8 Re2 65.Rf8+ Ke4 66.g4 Re3+ 67.Kg2 Nxg4  0-1

[Event "Doroshkevicha Mem Open 2012"]
[Site "Sochi RUS"]
[Date "2012.12.03"]
[Round "8"]
[White "Karmov,M"]
[Black "Demidov,Vladislav"]
[Result "1/2-1/2"]
[WhiteElo "2197"]
[BlackElo "2061"]

1.e4 d5 2.exd5 Qxd5 3.Nc3 Qd6 4.d4 Nf6 5.Nf3 g6 6.Nb5 Qd8 7.Bf4 Na6 8.Bc4 Bg7
9.Ne5 O-O 10.O-O c6 11.Nc3 Nb4 12.Re1 Bf5 13.Bb3 Nbd5 14.Bg5 Nxc3 15.bxc3 Ne4
16.g4 Bxe5 17.gxf5 Nxc3 18.Qf3 Qxd4 19.fxg6 hxg6 20.Bxe7 Kg7 21.Bxf8+ Rxf8
22.Kg2 c5 23.Qxb7 Qf4 24.Rxe5 Qxe5 25.Rf1 Qg5+ 26.Kh1 Qf6 27.Kg2 c4 28.Qf3 Qxf3+
29.Kxf3 cxb3 30.axb3 Rh8 31.Ra1 Nb5 32.Ke3 Rh3+ 33.f3 Rxh2 34.c4 Nd6 35.Rxa7  1/2-1/2